Представление документа в формате MARC21

Поле Инд. ПП Название Значение
Тип записи a
Библиографический уровень b
001 Контрольный номер RU/IS/BASE/264552735
005 Дата корректировки 20200610181728.0
008 Кодируемые данные 19951027
084 a Индекс другой классификации/Индекс ББК 66.02
097 00 a 750
100 10 a Автор Фетисов А. С.
245 00 a Заглавие Политическая власть: проблемы легитимности
650 a Основная рубрика политика
a Основная рубрика политология
653 00 a Ключевые слова власть
a Ключевые слова легитимность власти
a Ключевые слова политическая власть
773 00 t Заглавие источника Социально-политический журнал
d Дата издания источника 1995
g Прочая информация № 3. - С. 101 - 112
w Контрольный № источника RU/IS/BASE/141310123
901 t Тип документа b